| 000 | 01467nam a2200337 a 4500 | ||
|---|---|---|---|
| 001 | 000022657 | ||
| 005 | 20200930021725.0 | ||
| 008 | 101014s1997 es 001 0 spa d | ||
| 020 | _a8423988236 | ||
| 040 |
_aDO-SdBNP _bspa _cBNPHU |
||
| 082 |
_axxxx _bB928A |
||
| 100 | 1 |
_aBueno Vallejo, Antonio _d1916-2000 _946618 |
|
| 245 | 1 | 0 |
_aHistoria de una escalera ; _bEn la ardiente oscuridad ; Casi un cuento de hadas ; Las cartas boca abajo ; un soñador para un pueblo ; El concierto de San Ovidio ; El tragaluz; El sueño de la razón ; La fundación ; Caimán / _cAntonio Buero Vallejo. |
| 260 |
_aMadrid, : _bEditorial Espasa Calpe, _c1997. _fHuertas |
||
| 300 | _a757 p. | ||
| 490 | 1 | _aAntología de la literatura universal | |
| 502 | _aHistoria de una escalera ; En la ardiente oscuridad; Casi un cuento de hadas; Las cartas boca abajo; Un soñador para un pueblo; El concierto de San Ovidio ; El tragaluz; El sueño de la razón; La fundación; Caimán / | ||
| 563 | _aVarias obras empaginadas en páginas continuas | ||
| 740 | 2 | _aHistoria de una escalera | |
| 740 | 2 | _aEn la ardiente oscuridad | |
| 740 | 2 | _aCasi un cuento de hadas | |
| 740 | 2 | _aLas cartas boca abajo | |
| 740 | 2 | _aUn soñador para un pueblo | |
| 740 | 2 | _aEl concierto de San Ovidio | |
| 740 | 2 | _aEl tragaluz | |
| 740 | 2 | _aEl sueño de la razón | |
| 740 | 2 | _aLa fundación | |
| 740 | 2 | _aCaimán | |
| 830 | 0 |
_aAntología de la literatura universal _946613 |
|
| 049 | _aBNPD | ||
| 999 |
_c22154 _d22154 |
||